|
|
|
|
| LEADER |
00000nam0a2200000 4500 |
| 001 |
372163 |
| 005 |
20231102012441.0 |
| 035 |
|
|
|a (RuTPU)RU\TPU\retro\29584
|
| 035 |
|
|
|a RU\TPU\book\115630
|
| 090 |
|
|
|a 372163
|
| 100 |
|
|
|a 20221214d1972 km y0rusy50 ca
|
| 101 |
0 |
|
|a rus
|
| 102 |
|
|
|a RU
|
| 105 |
|
|
|a a z 001zd
|
| 200 |
1 |
|
|a Пионеры ракетной техники: Ветчинкин, Глушко, Королев, Тихонравов
|e избранные труды (1929-1945)
|f Академия наук СССР (АН СССР), Институт истории естествознания и техники (ИИЕТ АН СССР); сост. С. А. Соколова
|
| 210 |
|
|
|a Москва
|c Наука
|d 1972
|
| 215 |
|
|
|a 796 с.
|c ил.
|
| 320 |
|
|
|a Библиогр.: с. 759-761.
|
| 600 |
|
1 |
|a Королев
|b С. П.
|c российский конструктор ракетно-космических систем
|c Герой Социалистического труда
|f 1906/1907-1966
|g Сергей Павлович
|2 stltpush
|3 (RuTPU)RU\TPU\pers\13510
|9 4159
|
| 600 |
|
1 |
|a Тихонравов
|b М. К.
|c российский конструктор в области ракетостроения и космонавтики
|c Герой Социалистического Труда (1961)
|f 1900-1974
|g Михаил Клавдиевич
|2 stltpush
|3 (RuTPU)RU\TPU\pers\15854
|9 5532
|
| 600 |
|
1 |
|a Глушко
|b В. П.
|c российский ученый
|c академик АН СССР
|f 1908-1989
|g Валентин Петрович
|2 stltpush
|3 (RuTPU)RU\TPU\pers\12464
|
| 610 |
1 |
|
|a ракеты
|
| 610 |
1 |
|
|a ракетная техника
|
| 610 |
1 |
|
|a ракетно-космическая техника
|
| 610 |
1 |
|
|a ракетные двигатели
|
| 610 |
1 |
|
|a ракетные комплексы
|
| 610 |
1 |
|
|a ракетные конструкции
|
| 610 |
1 |
|
|a ученые
|
| 610 |
1 |
|
|a персоналии
|
| 675 |
|
|
|a 629.76
|v 3
|
| 702 |
|
1 |
|a Соколова
|b С. А.
|4 220
|
| 712 |
0 |
2 |
|a Академия наук СССР (АН СССР)
|b Институт истории естествознания и техники (ИИЕТ АН СССР)
|c (Москва)
|2 stltpush
|3 (RuTPU)RU\TPU\col\8662
|
| 801 |
|
1 |
|a RU
|b 63413507
|c 20061219
|g PSBO
|
| 801 |
|
2 |
|a RU
|b 63413507
|c 20221214
|g PSBO
|
| 942 |
|
|
|c BK
|